Flags of Countries and Territories - Statistics

General Stats
  • This quiz has been taken 33 times
  • The average score is 17 of 20
Answer Stats
Picture Answer % Correct
Syria
100%
Eritrea
96%
Eswatini
96%
Fiji
96%
Maldives
96%
Monaco
96%
American Samoa
92%
Kiribati
92%
Luxembourg
92%
Sierra Leone
92%
Turkmenistan
92%
Greenland
88%
Solomon Islands
88%
Equatorial Guinea
84%
Wales
84%
Christmas Island
80%
Phillippines
80%
Gibraltar
72%
Isle of Man
72%
Antarctica
24%
No matching quizzes found
Score Distribution
Percent of People with Each Score
Percentile by Number Answered
Your Score History
You have not taken this quiz